000 00446nam a2200181Ia 4500
003 LK-CoDNM
008 010623t xxu||||| |||| 00| 1 sin d
040 _aLK-CoDNM
_dLK-CoDNM
_eLK-CoDNM
041 _asin
080 _a133.52 RAJ
100 _aRajasundaraarachchi,J.S.
245 _aචන්ද්‍රශරණය
246 _aChandrabaranaya
260 _bRatna
_aColombo
300 _b90p., 21 cm
650 _aAstrology
942 _cBK
999 _c138139
_d138139